• 首页
  • 本馆介绍
  • 公告通知
  • 最新文献
  • 馆藏检索
  • 电子资源
  • 读者导购
  • 参考咨询
  • 我的图书馆
  • 登录
  • 详细信息显示
  • 放入我的书架
  • 预约/预借图书
  • 作者相关作品
  • 分类相关作品
  • 丛书相关作品
  • 出版社相关作品

书目信息

  • 表格格式
  • 工作单格式
  • 卡片格式
题名:
北京文艺年鉴
    
 
作者: ;北京市社会科学研究所北京文艺年鉴编辑部 编
分册: 1981  
出版信息: 北京   工人出版社  1982.2
页数: 660页
开本: 21cm
丛书名:
单 册:
中图分类: Z52
科图分类:
主题词: 年鉴--中国 , 年刊--中国 , 年报--中国
电子资源:
ISBN:
000 00716nam0 2200229 45
001 0181015424
005 20060612090640.90
010    @dCNY2.10
091    @a17007.1
100    @a20810111d1982 km y0chiy0120 ea
101 0  @achi
105    @a z 000zy
200 1  @a北京文艺年鉴@Abei jing wen yi nian jian@h1981@f北京市社会科学研究所北京文艺年鉴编辑部编@FBei Jing Shi She Hui Ke Xue Yan Jiu Suo Bei Jing Wen Yi Nian Jian Bian Ji Bu Bian
210    @a北京@c工人出版社@d1982.2
215    @a660页@d21cm
606 0  @a年鉴@x中国
606 0  @a年刊@x中国
606 0  @a年报@x中国
690    @aZ52@v3
711 02 @a北京市社会科学研究所北京文艺年鉴编辑部@4编
801    @aCN@bTSTC@c20060612
905    @dZ5@e8@f1@b64447
    
    北京文艺年鉴.1981/北京市社会科学研究所北京文艺年鉴编辑部编.-北京:工人出版社,1982.2
    660页;21cm
    
    
    ISBN :CNY2.10
    
●
相关链接 在E读中查询图书 在五车中查询图书 在当当中查询图书 在豆瓣中查询图书


正题名:北京文艺年鉴     索取号:Z5/8         预约/预借

序号 登录号 条形码 馆藏地/架位号 状态 备注
1 0064447   001629893   密集书库/ [索取号:Z5/8] 在馆    
2 0421883   204218836   密集书库/ [索取号:Z5/8] 在馆    
唐山师范学院图书馆 欢迎您!
大连网信软件有限公司© 版权所有